OECD development co-operation peer reviews: New Zealand 2015

Saved in:
Bibliographic Details
Format: Book
Language:English
Published: Paris OECD 2015
Series:OECD development co-operation peer reviews
Subjects:
Tags: Add Tag
No Tags, Be the first to tag this record!

MARC

LEADER 00000nam a2200000 4500
001 0211239
005 20240314123238.7
020 |a 978-92-64-23557-1 
041 0 |a eng 
044 |a FR 
245 1 0 |a OECD development co-operation peer reviews: New Zealand 2015 
264 1 |a Paris  |b OECD  |c 2015 
300 |a 101 s. 
490 1 |a OECD development co-operation peer reviews 
830 0 |a OECD development co-operation peer reviews 
610 2 0 |a rozvoj hospodársky 
610 2 0 |a financovanie 
610 2 0 |a kooperácia hospodárska medzinárodná 
610 2 0 |a inštitúcie verejnoprávne 
610 2 0 |a zdroje ľudské 
610 2 0 |a partnerstvo strategické 
610 2 0 |a spolupráca medzinárodná 
610 2 0 |a pomoc humanitárna 
610 2 0 |a Nový Zéland